Statistics for Programming languages by inventor

Click here to take the quiz!

General Stats

  • This quiz has been taken 56 times
  • The average score is 6 of 15

Answer Stats

Computer scientistLanguage% Correct
Dennis RitchieC
88%
Bjarne StroustrupC++
76%
Guido van RossumPython
76%
James GoslingJava
73%
Yukihiro MatsumotoRuby
57%
Brendan EichJavaScript
39%
Larry WallPerl
37%
Anders HejlsbergC#
35%
Rasmus LerdorfPHP
33%
Niklaus WirthPascal
29%
John McCarthyLisp
27%
John Kemeny & Thomas KurtzBasic
18%
Grace HopperCOBOL
18%
John BackusFORTRAN
14%
Alan CooperVisual Basic
8%

Score Distribution

Percentile by Number Answered

Percent of People with Each Score

Your Score History

You have not taken this quiz